[Event "IECG CP.2003.Q.00009 email"]
[Site "IECG email"]
[Date "2005.01.15"]
[Round "?"]
[White "Baroin, Bernard"]
[Black "Novoa, Ruben Fernando"]
[Result "1-0"]
[WhiteElo "2063"]
[BlackElo "1744"]
[PlyCount "29"]
[EventDate "2005.01.15"]
[EventType "tourn (corr)"]
[EventRounds "6"]
[SourceTitle "Corr 2008"]
[Source "ChessBase"]
[SourceDate "2008.06.24"]
[SourceVersion "1"]
[SourceVersionDate "2008.06.24"]
[SourceQuality "1"]

1. e4 c5 2. Nf3 Nc6 3. Nc3 e5 4. Bc4 Be7 5. d3 Nf6 6. Nd2 0-0 7. Nf1 Ne8 8. Ne3 Bg5 9. Ncd5 Nd6 10. Qg4 h6 11. h4 Be7 12. Qh5 Nxc4 13. dxc4 Re8 14. Nf5 Bf6 15. Rh3 1-0

[Event "IECG CP.2003.Q.00009 email"]
[Site "IECG email"]
[Date "2005.01.15"]
[Round "?"]
[White "Case, Rick"]
[Black "Novoa, Ruben Fernando"]
[Result "1-0"]
[WhiteElo "1969"]
[BlackElo "1744"]
[PlyCount "93"]
[EventDate "2005.01.15"]
[EventType "tourn (corr)"]
[EventRounds "6"]
[SourceTitle "Corr 2008"]
[Source "ChessBase"]
[SourceDate "2008.06.24"]
[SourceVersion "1"]
[SourceVersionDate "2008.06.24"]
[SourceQuality "1"]

1. d4 Nf6 2. c4 g6 3. Nc3 Bg7 4. e4 0-0 5. f4 c6 6. Nf3 d5 7. e5 Ne4 8. Nxe4 dxe4 9. Ng5 c5 10. d5 f6 11. Nxe4 fxe5 12. fxe5 Bxe5 13. Qb3 Bf5 14. Ng3 Nd7 15. Nxf5 Rxf5 16. g3 Rf6 17. Bh3 Nf8 18. Qc2 Qd6 19. Be3 b5 20. cxb5 Bd4 21. Bxd4 cxd4 22. Qc4 Qe5+ 23. Qe2 Qd6 24. a3 e6 25. dxe6 Nxe6 26. 0-0-0 Rd8 27. Rhf1 Ng5 28. Qc4+ Kg7 29. Rxf6 Kxf6 30. Rf1+ Kg7 31. Bg2 Qe7 32. Kd1 Nf7 33. Bd5 Ne5 34. Qxd4 Kh6 35. Kc1 Qg5+ 36. Rf4 Nd3+ 37. Qxd3 Rxd5 38. Qe3 Rxb5 39. Kb1 a5 40. h4 Qc5 41. Qd2 g5 42. hxg5+ Qxg5 43. Rh4+ Kg6 44. Qd6+ Kg7 45. Qd7+ Kf6 46. Rf4+ Rf5 47. Rxf5+ 1-0

[Event "IECG CP.2003.Q.00009 email"]
[Site "IECG email"]
[Date "2005.01.15"]
[Round "?"]
[White "Novoa, Ruben Fernando"]
[Black "Sanga, Alberto"]
[Result "0-1"]
[WhiteElo "1744"]
[BlackElo "1939"]
[PlyCount "82"]
[EventDate "2005.01.15"]
[EventType "tourn (corr)"]
[EventRounds "6"]
[SourceTitle "Corr 2008"]
[Source "ChessBase"]
[SourceDate "2008.06.24"]
[SourceVersion "1"]
[SourceVersionDate "2008.06.24"]
[SourceQuality "1"]

1. d4 Nf6 2. c4 g6 3. Nc3 d6 4. Bf4 Bg7 5. Nf3 0-0 6. e3 c5 7. Be2 Nbd7 8. h3 b6 9. 0-0 Bb7 10. Rc1 Ne4 11. Nxe4 Bxe4 12. a3 e5 13. Bg5 Qe8 14. Nd2 Bb7 15. dxc5 dxc5 16. Qc2 f5 17. Rcd1 h6 18. Bh4 Nf6 19. b4 cxb4 20. axb4 a5 21. bxa5 Qc6 22. Nf3 Rxa5 23. Qb3 Qc5 24. Rb1 Nd7 25. Rfd1 Bc6 26. Rd2 g5 27. Bg3 f4 28. exf4 gxf4 29. Bh2 e4 30. Nh4 Ba4 31. Qa2 Bd1 32. Qxa5 bxa5 33. Rb5 Qa3 34. Rxd1 Ne5 35. c5 f3 36. gxf3 exf3 37. Bf1 Qa4 38. Re1 Qxh4 39. Rxe5 Bxe5 40. Bxe5 Qg5+ 41. Bg3 Qc1 0-1

[Event "CFriend RI-2004-0-00027 email"]
[Site "Chessfriend.com"]
[Date "2004.10.23"]
[Round "1"]
[White "Jordaan, Wayne"]
[Black "Novoa, Ruben Fernando"]
[Result "0-1"]
[WhiteElo "1740"]
[BlackElo "1723"]
[PlyCount "24"]
[EventDate "2004.??.??"]
[EventType "tourn (corr)"]
[EventRounds "6"]
[SourceTitle "Corr 2024"]
[Source "ChessBase"]
[SourceDate "2023.10.19"]
[SourceVersion "1"]
[SourceVersionDate "2023.10.19"]
[SourceQuality "1"]

1. d4 Nf6 2. Nf3 g6 3. g3 Bg7 4. Bg2 d5 5. 0-0 0-0 6. Nbd2 Nc6 7. c4 Be6 8. b3 Ne4 9. Bb2 Nxd2 10. Qxd2 dxc4 11. e4 Bg4 12. d5 Bxf3 0-1

[Event "CFriend RI-2004-0-00027 email"]
[Site "Chessfriend.com"]
[Date "2004.10.23"]
[Round "1"]
[White "Keller, Thomas"]
[Black "Novoa, Ruben Fernando"]
[Result "1/2-1/2"]
[WhiteElo "1935"]
[BlackElo "1723"]
[PlyCount "135"]
[EventDate "2004.??.??"]
[EventType "tourn (corr)"]
[EventRounds "6"]
[SourceTitle "Corr 2024"]
[Source "ChessBase"]
[SourceDate "2023.10.19"]
[SourceVersion "1"]
[SourceVersionDate "2023.10.19"]
[SourceQuality "1"]

1. e4 c5 2. Nf3 Nc6 3. d4 cxd4 4. Nxd4 Nf6 5. Nc3 e5 6. Ndb5 d6 7. Bg5 a6 8. Na3 b5 9. Nd5 Be7 10. Bxf6 Bxf6 11. c3 0-0 12. Nc2 Bg5 13. h4 Bh6 14. a4 bxa4 15. Rxa4 a5 16. Bc4 Rb8 17. b3 Kh8 18. Nce3 Bxe3 19. Nxe3 f5 20. exf5 Bxf5 21. Qd5 Qc7 22. 0-0 Bd7 23. Rd1 Rf6 24. Ra2 Rbf8 25. Qd3 Rh6 26. Bb5 Qd8 27. g3 Rhf6 28. Nc4 Qb8 29. Nxd6 Bg4 30. Rdd2 Nd4 31. cxd4 Rxd6 32. d5 Qb6 33. Qc4 e4 34. Qxe4 Qxb5 35. Qxg4 Rxd5 36. Rxd5 Qxd5 37. Qc4 Qf3 38. Qc5 Re8 39. Qxa5 Qxb3 40. Qa4 Qf7 41. Rd2 Rf8 42. Qd4 Qf5 43. Re2 Qf7 44. f4 Qf5 45. Re7 Rg8 46. Qd7 Qb1+ 47. Kg2 Qb2+ 48. Kh3 Qb8 49. Kg4 Qf8 50. h5 h6 51. Qe6 Qd8 52. Rd7 Qb8 53. Qd5 Qe8 54. Kh3 Rf8 55. Qd1 Qe6+ 56. Kh2 Qa2+ 57. Rd2 Qa8 58. Rf2 Qa5 59. g4 Qc5 60. Qf3 Qd6 61. Kg3 Qd8 62. Re2 Qd1 63. f5 Qd6+ 64. Kh3 Qd8 65. Re6 Qd7 66. Rg6 Qd4 67. Ra6 Kh7 68. Ra3 1/2-1/2

[Event "CFriend RI-2004-0-00027 email"]
[Site "Chessfriend.com"]
[Date "2004.10.23"]
[Round "1"]
[White "Novoa, Ruben Fernando"]
[Black "Pott, Brian"]
[Result "0-1"]
[WhiteElo "1723"]
[BlackElo "1814"]
[PlyCount "86"]
[EventDate "2004.??.??"]
[EventType "tourn (corr)"]
[EventRounds "6"]
[SourceTitle "Corr 2008"]
[Source "ChessBase"]
[SourceDate "2008.06.24"]
[SourceVersion "1"]
[SourceVersionDate "2008.06.24"]
[SourceQuality "1"]

1. d4 d5 2. c4 c6 3. Nc3 Nf6 4. e3 e6 5. Nf3 Nbd7 6. Bd3 dxc4 7. Bxc4 b5 8. Bd3 Bb7 9. e4 b4 10. Na4 c5 11. e5 Nd5 12. Nxc5 Nxc5 13. dxc5 Bxc5 14. Qa4+ Kf8 15. Bg5 Be7 16. Bxe7+ Qxe7 17. Be4 f5 18. exf6 gxf6 19. Nd4 Nf4 20. Nc6 Qc5 21. 0-0 Rg8 22. Kh1 Rc8 23. Rfc1 Qd6 24. Qxa7 Rg7 25. Rd1 Bxc6 26. Rxd6 Bxe4 27. Rd8+ Rxd8 28. Qc5+ Kg8 29. f3 Bd5 30. Rg1 Nxg2 31. Qf2 Bb7 32. Qb6 Re8 33. Qf2 Rc8 34. h4 Nf4 35. Rxg7+ Kxg7 36. Qg3+ Ng6 37. Qg4 h5 38. Qxe6 Bxf3+ 39. Kg1 Rc1+ 40. Kf2 Ne5 41. Qb3 Rb1 42. Kg3 Bc6 43. a3 Rf1 0-1

[Event "CFriend RI-2004-0-00023 email"]
[Site "Chessfriend.com"]
[Date "2004.07.13"]
[Round "?"]
[White "Pott, Brian"]
[Black "Novoa, Ruben Fernando"]
[Result "1-0"]
[WhiteElo "1676"]
[BlackElo "1820"]
[PlyCount "79"]
[EventDate "2004.??.??"]
[EventType "tourn (corr)"]
[EventRounds "6"]
[SourceTitle "Corr 2008"]
[Source "ChessBase"]
[SourceDate "2008.06.24"]
[SourceVersion "1"]
[SourceVersionDate "2008.06.24"]
[SourceQuality "1"]

1. e4 c5 2. Nf3 Nc6 3. d4 cxd4 4. Nxd4 Nf6 5. Nc3 e5 6. Ndb5 d6 7. Bg5 a6 8. Na3 b5 9. Nd5 Be7 10. Bxf6 Bxf6 11. c3 0-0 12. Nc2 Bg5 13. a4 bxa4 14. Rxa4 Rb8 15. h4 Bh6 16. Bxa6 Rxb2 17. Bxc8 Qxc8 18. Rc4 Qb7 19. 0-0 Nd8 20. Rc7 Qb8 21. Ne7+ Kh8 22. Rc8 Qb6 23. Nb4 g6 24. Qf3 Bg7 25. Nec6 Nxc6 26. Rxf8+ Bxf8 27. Qxf7 Qb8 28. Nxc6 Qc8 29. Nb4 Qa8 30. Rd1 Re2 31. Nd5 Bg7 32. Rb1 Ra2 33. Rb7 Qg8 34. Qe7 Ra8 35. Nc7 Rb8 36. Rxb8 Qxb8 37. Ne8 Bh6 38. Qf6+ Kg8 39. Qe6+ Kh8 40. Nxd6 1-0

[Event "CFriend RI-2004-0-00021 email"]
[Site "Chessfriend.com"]
[Date "2004.06.12"]
[Round "?"]
[White "Novoa, Ruben Fernando"]
[Black "Sherwood, Russell"]
[Result "1-0"]
[WhiteElo "1820"]
[BlackElo "1626"]
[PlyCount "101"]
[EventDate "2004.??.??"]
[EventType "tourn (corr)"]
[EventRounds "6"]
[SourceTitle "Corr 2008"]
[Source "ChessBase"]
[SourceDate "2008.06.24"]
[SourceVersion "1"]
[SourceVersionDate "2008.06.24"]
[SourceQuality "1"]

1. d4 g6 2. c4 Bg7 3. Nc3 d6 4. Nf3 Bg4 5. Bf4 Nc6 6. e3 e5 7. dxe5 dxe5 8. Bg3 Nge7 9. Be2 0-0 10. Qb3 Rb8 11. Rd1 Qc8 12. h3 Be6 13. Ng5 Bd7 14. 0-0 Nf5 15. Bh2 b6 16. Rd2 h6 17. Nge4 Nfe7 18. Nd5 Nxd5 19. cxd5 Na5 20. Qa3 Nb7 21. Rc1 Qd8 22. Qxa7 Bf5 23. Ng3 Nc5 24. Nxf5 gxf5 25. Qa3 Ra8 26. Qb4 Rxa2 27. Qc4 Ra7 28. Bf3 Qd7 29. b4 Na6 30. Qb3 Rb8 31. Be2 b5 32. Ra2 Rb6 33. Ra5 Rab7 34. Qa3 Nb8 35. Rc5 f6 36. Qd3 Na6 37. Qa3 Nb8 38. Qb3 Kh8 39. Rc1 Qd6 40. Bd3 Na6 41. Bxf5 Nxb4 42. e4 c6 43. Qg3 Bf8 44. Qg6 Qd8 45. Rc3 Qe7 46. Rg3 Qg7 47. Qh5 Qe7 48. d6 Qxd6 49. Ra8 Rb8 50. Rxb8 Rxb8 51. Qg4 1-0

[Event "CFriend RI-2004-0-00021 email"]
[Site "Chessfriend.com"]
[Date "2004.06.12"]
[Round "?"]
[White "Starace, Umberto"]
[Black "Novoa, Ruben Fernando"]
[Result "1-0"]
[WhiteElo "1783"]
[BlackElo "1820"]
[PlyCount "113"]
[EventDate "2004.??.??"]
[EventType "tourn (corr)"]
[EventRounds "6"]
[SourceTitle "Corr 2008"]
[Source "ChessBase"]
[SourceDate "2008.06.24"]
[SourceVersion "1"]
[SourceVersionDate "2008.06.24"]
[SourceQuality "1"]

1. e4 c5 2. Nf3 Nc6 3. d4 cxd4 4. Nxd4 Nf6 5. Nc3 e5 6. Nb3 Bb4 7. Bd3 d5 8. 0-0 Bxc3 9. exd5 Qxd5 10. bxc3 0-0 11. c4 Qe6 12. Re1 Re8 13. Bg5 h6 14. Bh4 Rb8 15. Nc5 Qe7 16. Ne4 g5 17. Bg3 Bf5 18. Nxf6+ Qxf6 19. Rb1 Qg6 20. Bxf5 Qxf5 21. Rb5 Re7 22. Rd5 Rbe8 23. c3 Qg6 24. f3 e4 25. fxe4 Rxe4 26. Rf1 Re2 27. Rd2 Rxd2 28. Qxd2 Re4 29. Qd7 Re7 30. Qd5 Qe6 31. Bd6 Rd7 32. Qxe6 fxe6 33. c5 Kg7 34. Re1 Kf6 35. Rf1+ Kg6 36. Re1 Nd8 37. g4 h5 38. h3 h4 39. Kg2 Rh7 40. a3 Kf7 41. Rf1+ Ke8 42. Rf8+ Kd7 43. Be5 Nf7 44. Bd4 e5 45. Be3 Rg7 46. Kf3 Ke7 47. Rc8 Kd7 48. Ra8 a6 49. Ke4 Nd8 50. Bd2 Ne6 51. Kxe5 Nxc5 52. Kf6 Re7 53. Bxg5 Ne4+ 54. Kf5 Nxg5 55. Kxg5 Re3 56. Kxh4 Rxc3 57. g5 1-0

[Event "CFriend SI-2004-0-00015 email"]
[Site "Chessfriend.com"]
[Date "2004.01.02"]
[Round "?"]
[White "Draba, Henryk"]
[Black "Novoa, Ruben Fernando"]
[Result "0-1"]
[WhiteElo "1836"]
[BlackElo "1837"]
[PlyCount "64"]
[EventDate "2004.??.??"]
[EventType "tourn (corr)"]
[EventRounds "8"]
[SourceTitle "Corr 2008"]
[Source "ChessBase"]
[SourceDate "2008.06.24"]
[SourceVersion "1"]
[SourceVersionDate "2008.06.24"]
[SourceQuality "1"]

1. e4 c5 2. Nf3 Nc6 3. d4 cxd4 4. Nxd4 Nf6 5. Nc3 e5 6. Ndb5 d6 7. Bg5 a6 8. Na3 b5 9. Bxf6 gxf6 10. Nd5 f5 11. Bd3 Be6 12. 0-0 Ra7 13. c4 bxc4 14. Nxc4 Nd4 15. Ncb6 Bg7 16. exf5 Nxf5 17. Qa4+ Kf8 18. Bxf5 Bxf5 19. Nc4 Bd3 20. Rfe1 Rg8 21. Rad1 Bxc4 22. Qxc4 Bh6 23. Qb4 a5 24. Qa4 Rg6 25. Rxe5 dxe5 26. Ne3 Qe8 27. Qa3+ Kg8 28. h4 Bxe3 29. Qxe3 Rd7 30. Rxd7 Qxd7 31. Qxe5 Qd1+ 32. Kh2 Qd6 0-1

[Event "CFriend SI-2004-0-00015 email"]
[Site "Chessfriend.com"]
[Date "2004.01.02"]
[Round "1"]
[White "Malmstroem, Jan"]
[Black "Novoa, Ruben Fernando"]
[Result "1/2-1/2"]
[WhiteElo "1849"]
[BlackElo "1723"]
[PlyCount "126"]
[EventDate "2004.??.??"]
[EventType "tourn (corr)"]
[EventRounds "8"]
[SourceTitle "Corr 2024"]
[Source "ChessBase"]
[SourceDate "2023.10.19"]
[SourceVersion "1"]
[SourceVersionDate "2023.10.19"]
[SourceQuality "1"]

1. c4 Nf6 2. Nc3 g6 3. d4 Bg7 4. e4 d6 5. Nf3 0-0 6. Be2 e5 7. dxe5 dxe5 8. Qxd8 Rxd8 9. Bg5 Nbd7 10. Rd1 Rf8 11. Nd5 c6 12. Ne7+ Kh8 13. Be3 Re8 14. Nxc8 Raxc8 15. g4 Rcd8 16. Nd2 b6 17. g5 Ng8 18. Bg4 Rf8 19. Nf3 f5 20. gxf6 Ngxf6 21. Bh3 Rfe8 22. Ng5 Re7 23. Rd6 c5 24. Ke2 Rde8 25. Nf3 Nf8 26. Bg5 Rf7 27. Ke3 Nh5 28. Rhd1 Kg8 29. Rd7 h6 30. Rxf7 Kxf7 31. Bd8 Nf4 32. Bf1 N8e6 33. Rd7+ Kf8 34. Bh4 g5 35. Bg3 Re7 36. Rxe7 Kxe7 37. h4 g4 38. Nh2 h5 39. f3 gxf3 40. Nxf3 Ng6 41. Bh3 Bh6+ 42. Kf2 Nef4 43. Bf1 Kd6 44. b3 Ne6 45. Bh3 Nd4 46. Bf5 Nf4 47. Bxf4 Bxf4 48. Bg6 Nc2 49. Bxh5 Nb4 50. a3 Nc2 51. Ke2 Nxa3 52. Kd3 b5 53. Bg6 Ke7 54. h5 b4 55. Nh4 Kf6 56. Nf5 Nb1 57. Be8 Nd2 58. h6 Bxh6 59. Nxh6 Nxb3 60. Bd7 Nd4 61. Ng4+ Ke7 62. Bb5 Kd6 63. Ba6 Nf3 1/2-1/2

[Event "CFriend SI-2004-0-00015 email"]
[Site "Chessfriend.com"]
[Date "2004.01.02"]
[Round "?"]
[White "Novoa, Ruben Fernando"]
[Black "Laczay, Istvan"]
[Result "1/2-1/2"]
[WhiteElo "1837"]
[BlackElo "1888"]
[PlyCount "49"]
[EventDate "2004.??.??"]
[EventType "tourn (corr)"]
[EventRounds "8"]
[SourceTitle "Corr 2008"]
[Source "ChessBase"]
[SourceDate "2008.06.24"]
[SourceVersion "1"]
[SourceVersionDate "2008.06.24"]
[SourceQuality "1"]

1. d4 Nf6 2. c4 g6 3. Nc3 d5 4. cxd5 Nxd5 5. e4 Nxc3 6. bxc3 c5 7. Nf3 Bg7 8. Rb1 0-0 9. Be2 Nc6 10. d5 Ne5 11. Nxe5 Bxe5 12. Qd2 Bg7 13. f4 e5 14. 0-0 exf4 15. d6 Be5 16. Rd1 Be6 17. Rxb7 Qh4 18. Bf3 Rfb8 19. Rc7 Rc8 20. Ba3 c4 21. Rxc8+ Rxc8 22. Bb4 Qd8 23. Kf1 Qd7 24. Qb2 Rb8 25. Qf2 1/2-1/2

[Event "IECG CP.2003.P.00073 email"]
[Site "IECG email"]
[Date "2003.10.01"]
[Round "?"]
[White "Nunez Velez, Walter"]
[Black "Novoa, Ruben Fernando"]
[Result "1/2-1/2"]
[WhiteElo "2095"]
[BlackElo "1873"]
[PlyCount "46"]
[EventDate "2003.10.01"]
[EventType "tourn (corr)"]
[EventRounds "6"]
[EventCountry "ARG"]
[SourceTitle "Corr 2008"]
[Source "ChessBase"]
[SourceDate "2008.06.24"]
[SourceVersion "1"]
[SourceVersionDate "2008.06.24"]
[SourceQuality "1"]

1. e4 c5 2. Nf3 Nc6 3. d4 cxd4 4. Nxd4 Nf6 5. Nc3 e5 6. Ndb5 d6 7. Bg5 a6 8. Na3 b5 9. Nd5 Be7 10. Bxf6 Bxf6 11. c3 0-0 12. Nc2 Rb8 13. h4 a5 14. a3 Ne7 15. Nxf6+ gxf6 16. Bd3 f5 17. exf5 Bxf5 18. Bxf5 Nxf5 19. Qf3 Ne7 20. Qf6 Ng6 21. Qf5 Qc8 22. Ne3 Qe6 23. g3 Ne7 1/2-1/2

[Event "CFriend SI-2003-0-00012 email"]
[Site "Chessfriend.com"]
[Date "2003.09.16"]
[Round "?"]
[White "Novoa, Ruben Fernando"]
[Black "Prieto, Carlos"]
[Result "1-0"]
[WhiteElo "1855"]
[BlackElo "1845"]
[PlyCount "75"]
[EventDate "2003.09.16"]
[EventType "tourn (corr)"]
[EventRounds "9"]
[SourceTitle "Corr 2008"]
[Source "ChessBase"]
[SourceDate "2008.06.24"]
[SourceVersion "1"]
[SourceVersionDate "2008.06.24"]
[SourceQuality "1"]

1. d4 d5 2. c4 dxc4 3. e3 Nf6 4. Bxc4 e6 5. Nf3 c5 6. 0-0 a6 7. a4 Nc6 8. Qe2 Qc7 9. Nc3 Bd6 10. Bd2 0-0 11. Rac1 Rd8 12. dxc5 Bxc5 13. Bd3 Ne5 14. Be4 Bd7 15. Nxe5 Qxe5 16. Bxb7 Rab8 17. Qxa6 Bc8 18. Bxc8 Rxd2 19. Qc6 Rbxb2 20. Nd1 Bd6 21. g3 Rb8 22. Nc3 Bf8 23. Ba6 Rbb2 24. Qf3 h6 25. Bb5 Bc5 26. Ne2 Ne4 27. Rfd1 f5 28. Rxd2 Rxd2 29. Bc4 Qf6 30. a5 Kh7 31. a6 Qe7 32. Kg2 Qd7 33. g4 g6 34. gxf5 gxf5 35. h3 Qc8 36. Bb5 Qc7 37. Kh1 Qb6 38. Rb1 1-0

[Event "CFriend SI-2003-0-00012 email"]
[Site "Chessfriend.com"]
[Date "2003.09.16"]
[Round "?"]
[White "Walton, Alan J"]
[Black "Novoa, Ruben Fernando"]
[Result "0-1"]
[WhiteElo "1938"]
[BlackElo "1837"]
[PlyCount "28"]
[EventDate "2003.09.16"]
[EventType "tourn (corr)"]
[EventRounds "9"]
[SourceTitle "Corr 2008"]
[Source "ChessBase"]
[SourceDate "2008.06.24"]
[SourceVersion "1"]
[SourceVersionDate "2008.06.24"]
[SourceQuality "1"]

1. d4 Nf6 2. Bg5 Ne4 3. Bf4 c5 4. f3 Nf6 5. d5 Qb6 6. Bc1 e6 7. Nc3 exd5 8. Nxd5 Nxd5 9. Qxd5 d6 10. e4 Be6 11. Qd2 Be7 12. b3 Bf6 13. c3 0-0 14. Bb2 Nc6 0-1

[Event "CFriend SI-2003-0-00011 email"]
[Site "Chessfriend.com"]
[Date "2003.08.05"]
[Round "?"]
[White "Precerutti, Juan Arturo"]
[Black "Novoa, Ruben Fernando"]
[Result "1-0"]
[WhiteElo "1784"]
[BlackElo "1837"]
[PlyCount "115"]
[EventDate "2003.08.05"]
[EventType "tourn (corr)"]
[EventRounds "12"]
[SourceTitle "Corr 2008"]
[Source "ChessBase"]
[SourceDate "2008.06.24"]
[SourceVersion "1"]
[SourceVersionDate "2008.06.24"]
[SourceQuality "1"]

1. e4 c5 2. Nf3 Nc6 3. d4 cxd4 4. Nxd4 Nf6 5. Nc3 e5 6. Ndb5 d6 7. a4 a6 8. Na3 Be7 9. Bc4 Be6 10. 0-0 Rc8 11. Bg5 0-0 12. Bxf6 Bxf6 13. Nd5 Bg5 14. c3 Ne7 15. Qb3 Bxd5 16. Bxd5 Nxd5 17. Qxd5 Qc7 18. Rfd1 Rfd8 19. Nc2 g6 20. g3 Kg7 21. a5 Qe7 22. Nb4 f5 23. f3 Rf8 24. h4 Be3+ 25. Kg2 Bc5 26. Nd3 fxe4 27. Qxe4 Rf5 28. Nxc5 Rxc5 29. Rd5 Rxd5 30. Qxd5 Qc7 31. Rd1 Rf6 32. g4 Qe7 33. g5 Re6 34. Qe4 h6 35. Qe3 e4 36. f4 h5 37. Rd5 Qd7 38. c4 Kg8 39. f5 gxf5 40. Rxf5 Re5 41. Rf4 Qc6 42. b3 d5 43. Rf6 Qd7 44. Qf4 Qe7 45. Rf5 Rxf5 46. Qxf5 dxc4 47. bxc4 e3 48. Qg6+ Kf8 49. Qxh5 Qe5 50. Qh6+ Ke8 51. Qg6+ Kd7 52. Qd3+ Kc8 53. Kf3 Qxa5 54. Qxe3 Qf5+ 55. Qf4 Qh3+ 56. Kf2 a5 57. g6 Qc3 58. h5 1-0

[Event "CFriend SI-2003-0-00011 email"]
[Site "Chessfriend.com"]
[Date "2003.08.05"]
[Round "?"]
[White "Stadler, Pavel"]
[Black "Novoa, Ruben Fernando"]
[Result "1/2-1/2"]
[WhiteElo "1566"]
[BlackElo "1876"]
[PlyCount "67"]
[EventDate "2003.08.05"]
[EventType "tourn (corr)"]
[EventRounds "12"]
[SourceTitle "Corr 2008"]
[Source "ChessBase"]
[SourceDate "2008.06.24"]
[SourceVersion "1"]
[SourceVersionDate "2008.06.24"]
[SourceQuality "1"]

1. e4 c5 2. Bc4 e6 3. Nc3 a6 4. a4 Nc6 5. Nf3 Nf6 6. Qe2 Nd4 7. Nxd4 cxd4 8. Nb1 d5 9. exd5 Nxd5 10. d3 Bd6 11. 0-0 Bc7 12. Re1 0-0 13. Nd2 Qd6 14. Nf3 Bd7 15. Qe5 Nb4 16. Bb3 Qxe5 17. Nxe5 Bxe5 18. Rxe5 Rac8 19. Bd2 Nc6 20. Re2 e5 21. Rae1 Rfe8 22. f4 exf4 23. Rxe8+ Rxe8 24. Rxe8+ Bxe8 25. Bxf4 Na5 26. Bd5 Bxa4 27. Bc7 Nc6 28. Bxc6 Bxc6 29. Bb6 f5 30. Bxd4 g5 31. g3 f4 32. gxf4 gxf4 33. Kf2 Kf7 34. Be5 1/2-1/2

[Event "CFriend SI-2003-0-00007 email"]
[Site "Chessfriend.com"]
[Date "2003.04.30"]
[Round "?"]
[White "Andersson, Soren O"]
[Black "Novoa, Ruben Fernando"]
[Result "1/2-1/2"]
[WhiteElo "2023"]
[BlackElo "1876"]
[PlyCount "101"]
[EventDate "2003.04.30"]
[EventType "tourn (corr)"]
[EventRounds "12"]
[SourceTitle "Corr 2008"]
[Source "ChessBase"]
[SourceDate "2008.06.24"]
[SourceVersion "1"]
[SourceVersionDate "2008.06.24"]
[SourceQuality "1"]

1. e4 c5 2. Nf3 Nc6 3. d4 cxd4 4. Nxd4 Nf6 5. Nc3 e5 6. Ndb5 d6 7. Bg5 a6 8. Na3 b5 9. Nd5 Qa5+ 10. Bd2 Qd8 11. c4 Nxe4 12. cxb5 Be6 13. Bc4 Ne7 14. Be3 Qa5+ 15. Kf1 Rc8 16. Nb6 Bxc4+ 17. Nbxc4 Qb4 18. Nb6 Rb8 19. bxa6 Rxb6 20. Bxb6 Qxb6 21. Qa4+ Qc6 22. Nb5 Nc5 23. Nxd6+ Kd7 24. Qxc6+ Nxc6 25. Nxf7 Rg8 26. b4 Nxb4 27. Rd1+ Kc7 28. a7 Kb7 29. Rb1 Ncd3 30. a3 Be7 31. h4 Rf8 32. Rh3 e4 33. Rxd3 exd3 34. Ne5 d2 35. Ke2 Kxa7 36. axb4 Bxh4 37. Nd3 Bg5 38. g3 Re8+ 39. Kd1 Bh6 40. f4 Re3 41. Kxd2 Rxg3 42. Rh1 Kb6 43. Rh5 Rg6 44. Ke3 Rf6 45. Ke4 Re6+ 46. Re5 Rxe5+ 47. fxe5 g6 48. e6 Bf8 49. Ke5 Be7 50. Nf4 Kc6 51. b5+ 1/2-1/2

[Event "CFriend SI-2003-0-00007 email"]
[Site "Chessfriend.com"]
[Date "2003.04.30"]
[Round "?"]
[White "Novoa, Ruben Fernando"]
[Black "Amann, Klaus"]
[Result "0-1"]
[WhiteElo "1876"]
[BlackElo "1955"]
[PlyCount "64"]
[EventDate "2003.04.30"]
[EventType "tourn (corr)"]
[EventRounds "12"]
[SourceTitle "Corr 2008"]
[Source "ChessBase"]
[SourceDate "2008.06.24"]
[SourceVersion "1"]
[SourceVersionDate "2008.06.24"]
[SourceQuality "1"]

1. d4 Nf6 2. c4 e6 3. Nc3 Bb4 4. f3 c5 5. d5 0-0 6. e4 Re8 7. Nge2 d6 8. a3 Ba5 9. Bd2 exd5 10. cxd5 Nbd7 11. Ng3 a6 12. Be2 b5 13. 0-0 c4 14. b3 cxb3 15. Qxb3 Nc5 16. Qb2 Rb8 17. Rab1 Nfd7 18. Nd1 Bxd2 19. Qxd2 Qf6 20. Ne3 Ne5 21. Rfc1 Bd7 22. Nef5 g6 23. Qh6 Bxf5 24. Nxf5 Nc4 25. Bxc4 bxc4 26. Rf1 Rec8 27. Ne3 Qd4 28. Rxb8 Rxb8 29. Kh1 c3 30. Qf4 Qd2 31. Qxd6 Rc8 32. Nf5 c2 0-1

[Event "CFriend SI-2003-0-00007 email"]
[Site "Chessfriend.com"]
[Date "2003.04.30"]
[Round "?"]
[White "Novoa, Ruben Fernando"]
[Black "Heesen, Jos HW"]
[Result "1-0"]
[WhiteElo "1876"]
[BlackElo "1935"]
[PlyCount "77"]
[EventDate "2003.04.30"]
[EventType "tourn (corr)"]
[EventRounds "12"]
[SourceTitle "Corr 2008"]
[Source "ChessBase"]
[SourceDate "2008.06.24"]
[SourceVersion "1"]
[SourceVersionDate "2008.06.24"]
[SourceQuality "1"]

1. d4 e6 2. c4 b6 3. a3 Bb7 4. d5 Nf6 5. Nc3 exd5 6. cxd5 Bd6 7. e4 0-0 8. Bd3 Re8 9. Nge2 Na6 10. f4 Ng4 11. h3 Qh4+ 12. g3 Qh5 13. b4 Nf6 14. Bb2 Bf8 15. Bxa6 Bxa6 16. e5 d6 17. exf6 Qf3 18. Kd2 Bd3 19. Qf1 Bxe2 20. Qxf3 Bxf3 21. Rhf1 Bg2 22. Rg1 Bxh3 23. g4 a5 24. bxa5 h5 25. gxh5 g6 26. hxg6 Bh6 27. axb6 Bxf4+ 28. Kc2 cxb6 29. g7 Rac8 30. Rh1 Re3 31. Rad1 Bf5+ 32. Kb3 Bh3 33. Kb4 Be5 34. Na4 Re4+ 35. Kb5 Re3 36. Bxe5 Rb3+ 37. Ka6 dxe5 38. Kb7 Rd8 39. d6 1-0

[Event "CFriend SI-2003-0-00007 email"]
[Site "Chessfriend.com"]
[Date "2003.04.30"]
[Round "?"]
[White "Scarani, Antonio"]
[Black "Novoa, Ruben Fernando"]
[Result "1-0"]
[WhiteElo "1956"]
[BlackElo "1876"]
[PlyCount "79"]
[EventDate "2003.04.30"]
[EventType "tourn (corr)"]
[EventRounds "12"]
[SourceTitle "Corr 2008"]
[Source "ChessBase"]
[SourceDate "2008.06.24"]
[SourceVersion "1"]
[SourceVersionDate "2008.06.24"]
[SourceQuality "1"]

1. Nf3 Nf6 2. g3 g6 3. Bg2 Bg7 4. 0-0 0-0 5. d4 d6 6. c4 Na6 7. Nc3 c5 8. d5 Nc7 9. e4 e6 10. h3 exd5 11. exd5 Rb8 12. a4 b6 13. Re1 a6 14. Bg5 h6 15. Bf4 b5 16. axb5 axb5 17. cxb5 Nxb5 18. Ra2 g5 19. Bc1 Bf5 20. Nxb5 Rxb5 21. Nd2 Rb4 22. b3 Qd7 23. g4 Bd3 24. Re3 Bb5 25. Bb2 Ne8 26. Bxg7 Nxg7 27. Qa1 Qd8 28. Ra5 Ne8 29. Ne4 Bd7 30. Ra8 Bc8 31. Ng3 Ng7 32. Be4 Rb7 33. Nf5 Nxf5 34. Bxf5 Rc7 35. Qc3 f6 36. b4 cxb4 37. Qxb4 h5 38. Be6+ Kg7 39. gxh5 Rc1+ 40. Kh2 1-0